| 000 | 00615nam a22001937a 4500 | ||
|---|---|---|---|
| 003 | OSt | ||
| 005 | 20260309073109.0 | ||
| 008 | 260309b |||||||| |||| 00| 0 eng d | ||
| 020 | _a1-59339-008-4 | ||
| 040 |
_aDWCL-Main Lib _cOC |
||
| 082 | _aGR. 920 B862 2004 | ||
| 110 |
_aBRITANICA _eCorporate Author |
||
| 245 | _aBritanica learning library : remarkable people in history / | ||
| 260 |
_aChicago : _b Encyclopaedia Britanica, _c c2004 |
||
| 300 |
_a64 p. : _bill. (chiefly col.) ; _c29 cm. |
||
| 504 | _a1. Includes glossary and index. | ||
| 650 | _aBiography of remarkable people. | ||
| 942 |
_2ddc _cGR _mGR. _n0 |
||
| 999 |
_c8749 _d8749 |
||